[Event "SR 3. liga A2 2018/2019"]
[Site "?"]
[Date "2018.12.09"]
[Round "5.6"]
[White "Jakubec, Milan"]
[Black "Cechovic, Stefan"]
[Result "1/2-1/2"]
[WhiteElo "2018"]
[BlackElo "2111"]
[PlyCount "60"]
[EventDate "2018.??.??"]

1. e4 c6 2. d4 d6 3. c4 Nf6 4. Nc3 Nbd7 5. Nf3 e5 6. Bd3 Qc7 7. d5 c5 8. Nh4 h6
9. g3 g6 10. f4 Bg7 11. f5 g5 12. Ng2 Nf8 13. h4 gxh4 14. Rxh4 Qe7 15. a4 Bd7
16. a5 a6 17. Na4 Bxa4 18. Qxa4+ N8d7 19. Be3 Ng8 20. b4 cxb4 21. Rb1 O-O-O 22.
Qxb4 Nc5 23. Bxc5 dxc5 24. Qb6 Qc7 25. Qa7 Qxa5+ 26. Ke2 Qc7 27. Rb3 Bf8 28.
Rh1 Qb8 29. Qb6 Qc7 30. Qa7 Qb8 $11 1/2-1/2

[Event "SR 3. liga A2 2018/2019"]
[Site "?"]
[Date "2018.12.09"]
[Round "5.6"]
[White "Sarmir, Milos"]
[Black "Horak, Ivan"]
[Result "1-0"]
[WhiteElo "2090"]
[BlackElo "1998"]
[PlyCount "83"]
[EventDate "2018.??.??"]

1. e4 c5 2. Nf3 d6 3. d4 cxd4 4. Nxd4 Nf6 5. Bd3 g6 6. O-O Bg7 7. c3 O-O 8. Kh1
a6 9. Qe2 Qc7 10. f3 e5 11. Nc2 d5 12. Ne3 Be6 13. exd5 Nxd5 14. Nxd5 Bxd5 15.
Be3 Nc6 16. Nd2 f5 17. Nc4 Bxc4 18. Bxc4+ Kh8 19. Rad1 Rad8 20. Bg5 Rxd1 21.
Rxd1 h6 22. Bh4 g5 23. Bf2 Rd8 24. Be6 f4 25. Bb3 Rxd1+ 26. Bxd1 Qd6 27. Bc2
Qd5 28. Bb3 Qd7 29. Qe4 Ne7 30. Bc2 Kg8 31. h4 Qc6 32. Qd3 Kf7 33. Qd8 Bf6 34.
Bb3+ Kg7 35. Bb6 Qb5 36. Bf2 Qf1+ 37. Bg1 gxh4 38. Qe8 Bg5 39. Qf7+ Kh8 40. Bc2
e4 41. Qf8+ Ng8 42. Bb3 1-0

[Event "SR 3. liga A2 2018/2019"]
[Site "?"]
[Date "2018.12.09"]
[Round "5.6"]
[White "Hirmajer, Jan"]
[Black "Vagovsky, Jozef"]
[Result "1/2-1/2"]
[WhiteElo "1878"]
[BlackElo "1782"]
[PlyCount "128"]
[EventDate "2018.??.??"]

1. c4 e6 2. g3 Nf6 3. Bg2 d5 4. Nf3 Bd6 5. Nc3 Nc6 6. cxd5 exd5 7. Nb5 Bc5 8.
d4 Bb4+ 9. Nc3 h6 10. O-O O-O 11. Qc2 Re8 12. e3 a6 13. a3 Bd6 14. Na4 Bg4 15.
Nc5 Qc8 16. Bh1 Bf5 17. Qc3 Bxc5 18. Qxc5 Qd7 19. Qc3 Ne4 20. Qb3 a5 21. Bd2
Bg4 22. Bc3 a4 23. Qb5 Qe6 24. Rac1 Nd6 25. Qd3 Bf5 26. Qd1 Bg4 27. Qd3 Bf5 28.
Qd2 Nc4 29. Qd1 Bg4 30. Qe1 Bh3 31. Bg2 Bxg2 32. Kxg2 Qe4 33. Qd1 Re6 34. Qc2
Qxc2 35. Rxc2 Rae8 36. Ne5 N6xe5 37. dxe5 c6 38. Rd1 Nxe5 39. e4 dxe4 40. Rd4
f5 41. Rxa4 Nd3 42. Ra7 R8e7 43. Bd2 Kf7 44. h4 Re5 45. a4 g5 46. hxg5 hxg5 47.
Rc3 Kg6 48. Rb3 f4 49. a5 Kf5 50. a6 bxa6 51. Rxa6 Nc5 52. Rbb6 Nxa6 53. Rxa6
e3 54. fxe3 fxe3 55. Be1 R7e6 56. Kf3 Rb5 57. b4 Rd5 58. Ke2 Ke4 59. Ra4 Rb5
60. Ra3 g4 61. Rc3 Rbe5 62. Rc4+ Kf5 63. Bc3 Re4 64. Rc5+ Kg6 1/2-1/2

[Event "SR 3. liga A2 2018/2019"]
[Site "?"]
[Date "2018.12.09"]
[Round "5.6"]
[White "Bohunicky, Ivan"]
[Black "Chabada, Tomas"]
[Result "1/2-1/2"]
[WhiteElo "1920"]
[BlackElo "1995"]
[PlyCount "54"]
[EventDate "2018.??.??"]

1. d4 d5 2. c4 c6 3. Nf3 Nf6 4. Nc3 e6 5. Bg5 h6 6. Bh4 g5 7. Bg3 dxc4 8. e3 b5
9. Be2 Bb7 10. O-O Nbd7 11. Ne5 Bg7 12. f4 Nxe5 13. fxe5 Nd5 14. Qd2 Nxc3 15.
Qxc3 O-O 16. Rf2 f5 17. exf6 Rxf6 18. Rxf6 Qxf6 19. b3 c5 20. Rf1 cxd4 21. Qa5
Qe7 22. bxc4 dxe3 23. Qxb5 Rd8 24. Be5 Rd2 25. Re1 Qf7 26. Rf1 Qe7 27. Re1 Qf7
$11 1/2-1/2

[Event "SR 3. liga A2 2018/2019"]
[Site "?"]
[Date "2018.12.09"]
[Round "5.6"]
[White "Kahanek, Jaroslav"]
[Black "Markuliak, Mario"]
[Result "1/2-1/2"]
[WhiteElo "1862"]
[BlackElo "1837"]
[PlyCount "120"]
[EventDate "2018.??.??"]

1. d4 d6 2. e4 Nd7 3. Nf3 e5 4. d5 Ngf6 5. Bd3 Be7 6. b4 O-O 7. Bb2 c6 8. c4 a5
9. b5 Nc5 10. Qe2 Bg4 11. h3 Bh5 12. Ba3 Qc7 13. Bxc5 dxc5 14. a4 Nd7 15. Nbd2
Bg6 16. O-O cxb5 17. axb5 b6 18. Ra3 Nf6 19. Nh4 Bh5 20. Ndf3 Ne8 21. Nf5 Bxf3
22. Qxf3 Nd6 23. Qg3 Nxf5 24. exf5 h6 25. Be4 Ra7 26. h4 Re8 27. Qg4 Qd6 28.
Kh2 Qf6 29. Kh3 Bd6 30. Qh5 Qe7 31. Rg1 f6 32. Qf3 Qf7 33. g4 Kf8 34. g5 hxg5
35. hxg5 Ke7 36. gxf6+ gxf6 37. Rg6 Qh7+ 38. Kg2 Rh8 39. Kf1 Raa8 40. Qg2 Rag8
41. Rag3 Kf7 42. Qf3 Qh4 43. Qg2 Qh7 44. Ke2 Qh5+ 45. R3g4 Rxg6 46. fxg6+ Kg7
47. Qf3 Re8 48. Kf1 Rf8 49. Bf5 Rh8 50. Ke2 Qh1 51. Be6 Qxf3+ 52. Kxf3 Rh6 53.
Bf5 Rh2 54. Re4 Rh5 55. Bd7 Rh6 56. Be8 f5 57. Re1 Rh4 58. Ke3 Re4+ 59. Kd2
Rxe1 60. Kxe1 Be7 1/2-1/2

[Event "SR 3. liga A2 2018/2019"]
[Site "?"]
[Date "2018.12.09"]
[Round "5.6"]
[White "Vlkovic, Pavol"]
[Black "Zlamal, Marek"]
[Result "1-0"]
[WhiteElo "1806"]
[BlackElo "1856"]
[PlyCount "97"]
[EventDate "2018.??.??"]
[BlackTeam "�"]

1. e4 e5 2. Nf3 Nc6 3. Bc4 Be7 4. c3 Nf6 5. d3 O-O 6. Nbd2 Kh8 7. h3 d5 8. Bb3
h6 9. a3 dxe4 10. dxe4 Bc5 11. Qe2 Nh5 12. Nc4 Qf6 13. Ba4 Re8 14. b4 Bb6 15.
g3 a6 16. Be3 Bxe3 17. Nxe3 Be6 18. Rd1 b5 19. Bc2 Rad8 20. Nd5 Bxd5 21. exd5
e4 22. Bxe4 Qxc3+ 23. Kf1 Nf6 24. Rd3 Qc4 25. dxc6 Rxd3 26. Qxd3 Rxe4 27. Qxc4
Rxc4 28. Ne5 Rc2 29. Kg2 Ne4 30. Rd1 f6 31. Nf7+ Kg8 32. Nd8 Rxf2+ 33. Kg1 Rf3
34. Rd7 Rxg3+ 35. Kf1 Rxh3 36. Ne6 g5 37. Rxc7 Rc3 38. Rg7+ Kh8 39. c7 f5 40.
Rd7 Kg8 41. Nc5 Rf3+ 42. Ke1 Re3+ 43. Kd1 Nd6 44. Rxd6 Kf7 45. c8=Q f4 46. Qf5+
Ke8 47. Qd7+ Kf8 48. Ne6+ Kg8 49. Qg7# 1-0

[Event "SR 3. liga A2 2018/2019"]
[Site "?"]
[Date "2019.01.13"]
[Round "6.1"]
[White "Slamena, Michal"]
[Black "Banas, Jan"]
[Result "0-1"]
[WhiteElo "1984"]
[BlackElo "2215"]
[PlyCount "100"]
[EventDate "2018.??.??"]

1. e4 c5 2. Nf3 Nc6 3. d4 cxd4 4. Nxd4 Nf6 5. Nc3 d6 6. f3 e5 7. Ndb5 a6 8. Na3
b5 9. Nd5 Nxd5 10. exd5 Nb8 11. c4 b4 12. Qa4+ Nd7 13. Qxb4 Be7 14. Be3 O-O 15.
Bd3 Rb8 16. Qc3 Bf6 17. Be4 Bh4+ 18. g3 f5 19. Bc2 Bg5 20. Rb1 Bxe3 21. Qxe3 f4
22. Qd3 Nf6 23. g4 e4 24. fxe4 Nxg4 25. Rf1 Qh4+ 26. Kd2 Ne5 27. Qe2 Bh3 28.
Qf2 Qf6 29. Rg1 f3 30. Bd3 Ng4 31. Rxg4 Rxb2+ 32. Rxb2 Qxb2+ 33. Nc2 Bxg4 34.
Qg3 h5 35. h3 Bd7 36. Qxd6 Bxh3 37. Qg3 Bg4 38. Qf2 a5 39. c5 Qe5 40. Nd4 Rb8
41. Kc3 Rb4 42. Qe3 h4 43. Bc4 h3 44. d6+ Kh7 45. a3 Rb8 46. Bd5 h2 47. Qe1 Qh5
48. Qh1 f2 49. e5 Qxe5 50. Qg2 Qe1+ 0-1

[Event "SR 3. liga A2 2018/2019"]
[Site "?"]
[Date "2019.01.13"]
[Round "6.1"]
[White "Liptak, Tomas"]
[Black "Bisco, Igor"]
[Result "1-0"]
[WhiteElo "2208"]
[BlackElo "2056"]
[PlyCount "71"]
[EventDate "2018.??.??"]

1. e4 e5 2. Nf3 Nc6 3. Bb5 a6 4. Ba4 Nf6 5. O-O Be7 6. Re1 b5 7. Bb3 d6 8. h3
O-O 9. c3 Bb7 10. d4 Re8 11. Nbd2 Bf8 12. a4 h6 13. Bc2 exd4 14. cxd4 Nb4 15.
Bb1 c5 16. d5 c4 17. Nf1 bxa4 18. Qd4 Nd7 19. Rxa4 Nd3 20. Bxd3 cxd3 21. Bd2
Nc5 22. Ra3 a5 23. Ng3 a4 24. Bc3 Ba6 25. Nf5 Re5 26. Nxe5 dxe5 27. Qxe5 d2 28.
Nxh6+ Kh7 29. Qf5+ Kxh6 30. Bxd2+ g5 31. h4 Bc8 32. Qxf7 Be7 33. Rg3 Be6 34.
hxg5+ Bxg5 35. dxe6 Qd3 36. Rh3+ 1-0

[Event "SR 3. liga A2 2018/2019"]
[Site "?"]
[Date "2019.01.13"]
[Round "6.1"]
[White "Starzec, Juraj"]
[Black "Kovacocy, Pavol"]
[Result "0-1"]
[WhiteElo "1973"]
[BlackElo "2273"]
[PlyCount "105"]
[EventDate "2018.??.??"]

1. e4 c5 2. Nf3 g6 3. d4 cxd4 4. Nxd4 Nc6 5. c4 Nf6 6. Nc3 d6 7. Be2 Bg7 8. Be3
O-O 9. O-O Nxd4 10. Bxd4 Bd7 11. Qd2 Bc6 12. f3 a5 13. Rfd1 Nd7 14. Bxg7 Kxg7
15. b3 Qb6+ 16. Qd4+ f6 17. f4 Rad8 18. Qxb6 Nxb6 19. Rd2 Rc8 20. Bg4 f5 21.
exf5 gxf5 22. Bh3 Rf6 23. Re1 Kf7 24. g3 Nd7 25. Bg2 Nc5 26. Bd5+ e6 27. Bg2
Ke7 28. Bd5 Kd7 29. Bg2 Kc7 30. Red1 Rd8 31. Re1 Rg6 32. Re3 h5 33. Bxc6 bxc6
34. Kf2 Rh8 35. Rd1 h4 36. Rg1 hxg3+ 37. hxg3 Nd7 38. Rg2 Nf6 39. Ke2 Ng4 40.
Rf3 Rh1 41. Kd2 Rgh6 42. Rd3 e5 43. fxe5 dxe5 44. Rf3 Rd6+ 45. Rd3 Rf6 46. Ne2
e4 47. Rc3 Rd6+ 48. Kc2 Ne5 49. Nf4 Nf3 50. Kb2 Re1 51. Rc1 Re3 52. Rc3 Ne1 53.
Rd2 0-1

[Event "SR 3. liga A2 2018/2019"]
[Site "?"]
[Date "2019.01.13"]
[Round "6.1"]
[White "Sarmir, Milos"]
[Black "Cebo, Vladimir"]
[Result "1-0"]
[WhiteElo "2089"]
[BlackElo "1635"]
[PlyCount "85"]
[EventDate "2018.??.??"]

1. e4 e6 2. d4 d5 3. exd5 exd5 4. Nf3 Nf6 5. Bd3 Bd6 6. O-O O-O 7. Bg5 Bg4 8.
h3 Bh5 9. Nbd2 Nbd7 10. c3 c6 11. Qc2 Qc7 12. Rae1 Rae8 13. Nh4 Bf4 14. Bxf4
Qxf4 15. Nf5 Kh8 16. g3 Qb8 17. Nh4 Rxe1 18. Rxe1 Re8 19. Rxe8+ Qxe8 20. g4 Bg6
21. Nxg6+ hxg6 22. Nf3 Nf8 23. Qa4 a6 24. Qb4 b5 25. Qd6 Ne6 26. Ne5 c5 27.
dxc5 Ne4 28. Bxe4 dxe4 29. c6 Kg8 30. Qd7 Kf8 31. c7 Nxc7 32. Qxc7 f6 33. Qc5+
Kg8 34. Nc6 Kh7 35. Ne7 Qd7 36. Nd5 f5 37. Qd4 Qe6 38. g5 Kh8 39. Nf4 Qc6 40.
Qd5 Qe8 41. Qe6 Qxe6 42. Nxe6 Kg8 43. Nc7 1-0

[Event "SR 3. liga A2 2018/2019"]
[Site "?"]
[Date "2019.01.13"]
[Round "6.1"]
[White "Gajarsky, Roman"]
[Black "Vagovsky, Jozef"]
[Result "1/2-1/2"]
[WhiteElo "1794"]
[BlackElo "1776"]
[PlyCount "56"]
[EventDate "2018.??.??"]

1. e4 c6 2. d4 d5 3. e5 Bf5 4. g4 Bd7 5. h4 e6 6. Bd3 c5 7. c3 Qb6 8. Nf3 Nc6
9. dxc5 Bxc5 10. O-O Nh6 11. b4 Be7 12. Bxh6 gxh6 13. Kh2 d4 14. a3 dxc3 15.
Nxc3 Nxe5 16. Nxe5 Qc7 17. Qe1 f6 18. Nb5 Qb8 19. f4 fxe5 20. Qxe5 Qxe5 21.
fxe5 Rc8 22. Nxa7 Rc3 23. Bb5 Bxh4 24. Bxd7+ Kxd7 25. Rf7+ Be7 26. Nb5 Rc2+ 27.
Kh3 Ke8 28. Raf1 Rf8 1/2-1/2

[Event "SR 3. liga A2 2018/2019"]
[Site "?"]
[Date "2019.01.13"]
[Round "6.1"]
[White "Bohunicky, Ivan"]
[Black "Barca, Michal"]
[Result "1-0"]
[WhiteElo "1924"]
[BlackElo "1755"]
[PlyCount "147"]
[EventDate "2018.??.??"]

1. d4 Nf6 2. c4 e6 3. Nc3 Bb4 4. e3 O-O 5. Bd3 b6 6. Nge2 Bb7 7. O-O d5 8. Ng3
Re8 9. Bd2 Nbd7 10. Qc2 Nf8 11. Rac1 Qd7 12. Nxd5 Nxd5 13. cxd5 Bxd2 14. dxe6
Nxe6 15. Qxd2 g6 16. Bc4 Bd5 17. b3 Rad8 18. Bxd5 Qxd5 19. Qe2 Nxd4 20. Qc4
Qxc4 21. Rxc4 Ne6 22. b4 Kf8 23. h4 Rd2 24. a3 f5 25. Rfc1 Red8 26. Nf1 Ra2 27.
R4c3 h6 28. g3 Ke7 29. Kg2 g5 30. hxg5 hxg5 31. R1c2 Rxc2 32. Rxc2 Rd3 33. Ra2
a5 34. bxa5 bxa5 35. Nd2 Rc3 36. Kf1 c5 37. Ke2 Nc7 38. Nf1 Rb3 39. Nd2 Rb7 40.
Kd3 a4 41. Kc4 Ne6 42. Kd5 Kf7 43. Nc4 f4 44. Rb2 Rd7+ 45. Nd6+ Ke7 46. Rb7
Nc7+ 47. Kxc5 Ke6 48. Rb6 Nd5 49. Ra6 Nc7 50. Rc6 Ke5 51. Nc4+ Ke4 52. Rd6 Rxd6
53. Nxd6+ Kf3 54. exf4 gxf4 55. gxf4 Kxf4 56. Kb4 Kf3 57. Kxa4 Kxf2 58. Kb4 Ke3
59. Kc5 Kd3 60. a4 Na6+ 61. Kb5 Nc7+ 62. Kc6 Na6 63. Kb5 Nc7+ 64. Kb6 Nd5+ 65.
Kc6 Nb4+ 66. Kb5 Kc3 67. Ne4+ Kb3 68. a5 Nd5 69. Nc5+ Kc3 70. Na6 Kd4 71. Nb4
Nc7+ 72. Kc6 Ne6 73. a6 Nd8+ 74. Kc7 1-0

[Event "SR 3. liga A2 2018/2019"]
[Site "?"]
[Date "2019.01.13"]
[Round "6.1"]
[White "Janas, Peter"]
[Black "Vlkovic, Pavol"]
[Result "1-0"]
[WhiteElo "1707"]
[BlackElo "1824"]
[PlyCount "65"]
[EventDate "2018.??.??"]

1. d4 Nf6 2. c4 e5 3. dxe5 Ng4 4. Nf3 Bc5 5. e3 Nc6 6. Be2 Ngxe5 7. O-O Nxf3+
8. Bxf3 Ne5 9. Be2 O-O 10. b3 Re8 11. Bb2 a5 12. Nc3 Ra6 13. Na4 Ba7 14. c5 Rh6
15. g3 d6 16. Qc2 Qd7 17. f4 Ng4 18. Bxg4 Qxg4 19. Bd4 Bf5 20. Qd1 Qg6 21. Qd2
Rh3 22. Rf2 dxc5 23. Bxc5 b6 24. Ba3 h5 25. Re1 Be4 26. Qd7 Rxg3+ 27. hxg3
Qxg3+ 28. Kf1 Bc6 29. Qxc6 Rxe3 30. Rxe3 Qxe3 31. Qf3 b5 32. Qxe3 Bxe3 33. Rf3
1-0

[Event "SR 3. liga A2 2018/2019"]
[Site "?"]
[Date "2019.01.13"]
[Round "6.1"]
[White "Hornak, Pavol"]
[Black "Tupy, Bystrik"]
[Result "1-0"]
[WhiteElo "1770"]
[BlackElo "1728"]
[PlyCount "103"]
[EventDate "2018.??.??"]

1. d4 d5 2. c4 e6 3. Nf3 Nf6 4. g3 Bb4+ 5. Bd2 Bxd2+ 6. Nbxd2 O-O 7. Bg2 c6 8.
O-O Re8 9. Qc2 Nbd7 10. Rfd1 Nf8 11. Rac1 Ng6 12. Qc3 Qd6 13. Ne5 Nd7 14. c5
Qc7 15. Nxd7 Bxd7 16. f4 f6 17. Nf3 e5 18. dxe5 fxe5 19. e3 e4 20. Nd4 Qc8 21.
Rf1 Bh3 22. Rf2 Rf8 23. Rcf1 Bxg2 24. Kxg2 Qd7 25. f5 Nh8 26. f6 gxf6 27. Rxf6
Rxf6 28. Rxf6 Rf8 29. Rxf8+ Kxf8 30. Nxc6 Kg8 31. Nd4 Ng6 32. h3 Ne5 33. Ne2
Qf5 34. Nf4 h5 35. Qb3 Nc4 36. Kf2 b6 37. cxb6 axb6 38. Qb5 Qe5 39. Qxd5+ Qxd5
40. Nxd5 Kf7 41. b3 Nd6 42. Nxb6 Ke6 43. Na4 Nb5 44. Ke2 Kd5 45. Kd2 Ke5 46.
Nc3 Nd6 47. Ne2 Kf5 48. Kc3 Kg5 49. Kd4 Kf5 50. Nc3 Ke6 51. Nxe4 Nxe4 52. Kxe4
1-0

[Event "SR 3. liga A2 2018/2019"]
[Site "?"]
[Date "2019.01.13"]
[Round "6.2"]
[White "Lukac, Roman"]
[Black "Sefcik, Marek"]
[Result "1/2-1/2"]
[WhiteElo "2093"]
[BlackElo "2003"]
[PlyCount "40"]
[EventDate "2018.??.??"]

1. e4 d5 2. exd5 Qxd5 3. Nc3 Qd6 4. d4 Nf6 5. Nf3 c6 6. h3 Bf5 7. Be3 e6 8. Qd2
Nbd7 9. O-O-O h6 10. g4 Ne4 11. Nxe4 Bxe4 12. Be2 Nb6 13. Qa5 Nc4 14. Qc3 b5
15. Rhe1 Nxe3 16. Qxe3 Bd5 17. Kb1 Qb4 18. Ne5 Qa5 19. c4 bxc4 20. Bxc4 Bb4
1/2-1/2

[Event "SR 3. liga A2 2018/2019"]
[Site "?"]
[Date "2019.01.13"]
[Round "6.2"]
[White "Jakubec, Milan"]
[Black "Nicolini, Alexander"]
[Result "0-1"]
[WhiteElo "2007"]
[BlackElo "2160"]
[PlyCount "48"]
[EventDate "2018.??.??"]

1. e4 e5 2. Nf3 Nc6 3. Bb5 Bc5 4. c3 Nge7 5. d4 exd4 6. cxd4 Bb4+ 7. Nc3 d5 8.
exd5 Qxd5 9. Bxc6+ Qxc6 10. O-O O-O 11. Ne5 Qa6 12. Re1 Be6 13. a3 Nd5 14. Bd2
Be7 15. Nxd5 Bxd5 16. Qg4 Rfe8 17. Rac1 Bd6 18. Bf4 Re6 19. Bg3 Rae8 20. f4 f6
21. Nd7 Qb5 22. Nc5 Qxb2 23. Bf2 Rxe1+ 24. Rxe1 Rxe1+ 0-1

[Event "SR 3. liga A2 2018/2019"]
[Site "?"]
[Date "2019.01.13"]
[Round "6.2"]
[White "Sturdik, Igor"]
[Black "Horak, Ivan"]
[Result "1/2-1/2"]
[WhiteElo "1980"]
[BlackElo "1984"]
[PlyCount "131"]
[EventDate "2018.??.??"]

1. e4 c5 2. Nf3 d6 3. d4 cxd4 4. Nxd4 Nf6 5. Nc3 g6 6. Be3 Bg7 7. f3 h5 8. Bc4
Nc6 9. Qd2 Bd7 10. O-O-O Nxd4 11. Bxd4 Bc6 12. Kb1 Qb8 13. Nd5 Bxd5 14. Bxd5
O-O 15. Bb3 a5 16. a3 a4 17. Ba2 Qc7 18. Qg5 Kh7 19. Bc3 Rac8 20. Rd4 Nxe4 21.
Rxe4 Bxc3 22. bxc3 Qxc3 23. Qc1 Rc5 24. Rxa4 Rb5+ 25. Rb4 Rxb4+ 26. axb4 Qxb4+
27. Qb2 Qd2 28. c3 Qd3+ 29. Qc2 Qb5+ 30. Bb3 d5 31. Rd1 e6 32. c4 dxc4 33. Qxc4
Qxc4 34. Bxc4 Rc8 35. Bb3 Rc7 36. Ba4 b5 37. Bb3 Kh6 38. Bc2 Kg5 39. Rd3 Rc5
40. Rb3 Re5 41. Bd3 Re1+ 42. Ka2 Rh1 43. Bxb5 Rxh2 44. Rb2 h4 45. Be8 f5 46.
Kb3 h3 47. gxh3 Rxh3 48. Rg2+ Kf4 49. Rxg6 Rxf3+ 50. Kc4 e5 51. Bc6 Rf1 52. Kd3
Rf2 53. Re6 Rh2 54. Bb7 Rh3+ 55. Ke2 Re3+ 56. Kd2 Rb3 57. Bc8 e4 58. Rf6 Rb2+
59. Kc1 Rb5 60. Rxf5+ Rxf5 61. Bxf5 Kxf5 62. Kd2 Kf4 63. Ke2 e3 64. Ke1 Kf3 65.
Kf1 e2+ 66. Ke1 1/2-1/2

[Event "SR 3. liga A2 2018/2019"]
[Site "?"]
[Date "2019.01.13"]
[Round "6.2"]
[White "Hirmajer, Jan"]
[Black "Mosny, Jaroslav"]
[Result "1-0"]
[WhiteElo "1875"]
[BlackElo "1893"]
[PlyCount "59"]
[EventDate "2018.??.??"]

1. c4 Nf6 2. Nc3 e5 3. Nf3 Nc6 4. d3 h6 5. g3 Bc5 6. Bg2 O-O 7. O-O Re8 8. a3
a5 9. Nd2 Nd4 10. Rb1 c6 11. Nce4 Be7 12. Nxf6+ Bxf6 13. e3 Ne6 14. b4 axb4 15.
axb4 d6 16. Qb3 Nc7 17. Ne4 Be7 18. Nc3 Bf5 19. e4 Be6 20. Be3 b5 21. Bb6 bxc4
22. dxc4 Qb8 23. Bxc7 Qxc7 24. Rfc1 Reb8 25. Nd5 Qd8 26. Nxe7+ Qxe7 27. Qc2 Qa7
28. Qd2 Qe7 29. Bf1 Ra4 30. Rd1 1-0

[Event "SR 3. liga A2 2018/2019"]
[Site "?"]
[Date "2019.01.13"]
[Round "6.2"]
[White "Bahna, Jan"]
[Black "Kahanek, Jaroslav"]
[Result "1/2-1/2"]
[WhiteElo "1841"]
[BlackElo "1859"]
[PlyCount "129"]
[EventDate "2018.??.??"]

1. e4 c5 2. Nc3 e5 3. d3 d6 4. g3 Nf6 5. Bg2 Be7 6. Nge2 Nc6 7. h3 Be6 8. f4
Nd4 9. f5 Nxe2 10. Nxe2 Bd7 11. g4 h6 12. a4 Bc6 13. c4 Nd7 14. O-O O-O 15. Kh2
a6 16. Ng1 b5 17. axb5 axb5 18. Rxa8 Qxa8 19. b3 bxc4 20. bxc4 Rb8 21. Nf3 f6
22. h4 Kh7 23. g5 Rh8 24. gxh6 gxh6 25. h5 Rg8 26. Nh4 Bf8 27. Ng6 Bg7 28. Rg1
Qe8 29. Bf3 Qf7 30. Bd2 Ra8 31. Qc1 Ra2 32. Kh3 Ba4 33. Rg2 Bc6 34. Qb1 Ra6 35.
Bc1 Qe8 36. Rb2 Qd8 37. Bd2 Rb6 38. Rxb6 Qxb6 39. Qxb6 Nxb6 40. Kg3 Ba4 41. Kf2
Nc8 42. Ke1 Kg8 43. Bd1 Be8 44. Bb3 Bxg6 45. fxg6 Ne7 46. Kf2 f5 47. exf5 Nxf5
48. Bd1 Kf8 49. Kf3 Ke7 50. Ke4 Nd4 51. Kd5 Ne6 52. Be1 Nc7+ 53. Kc6 Ne8 54.
Bh4+ Bf6 55. g7 Kf7 56. Bxf6 Nxf6 57. Kxd6 e4 58. Kxc5 exd3 59. Kd4 d2 60. c5
Kxg7 61. c6 Ne8 62. Kd3 Kf6 63. Kxd2 Ke5 64. Ke3 Kd6 65. Bf3 1/2-1/2

[Event "SR 3. liga A2 2018/2019"]
[Site "?"]
[Date "2019.01.13"]
[Round "6.2"]
[White "Zlamal, Marek"]
[Black "Krist, Milan"]
[Result "0-1"]
[WhiteElo "1868"]
[BlackElo "1774"]
[PlyCount "76"]
[EventDate "2018.??.??"]

1. e4 e6 2. Nf3 c5 3. Be2 Nc6 4. d4 cxd4 5. Nxd4 a6 6. O-O Bc5 7. Nxc6 bxc6 8.
c4 h6 9. Nc3 e5 10. Na4 Bd4 11. c5 Nf6 12. Qc2 O-O 13. Rb1 Qe7 14. b3 Rd8 15.
Ba3 Rb8 16. Kh1 Ne8 17. Nb6 Rxb6 18. cxb6 Qxa3 19. b4 Qc3 20. Qd1 Bxb6 21. Rb3
Qd4 22. Qb1 Qd6 23. Rd1 Qe7 24. Rbd3 Bc7 25. Rg3 Nf6 26. Bc4 d5 27. exd5 cxd5
28. Bb3 e4 29. Rc3 Qe5 30. Rg3 Qh5 31. Bxd5 Rxd5 32. Rc1 Bxg3 33. fxg3 Be6 34.
h3 Bxh3 35. gxh3 Qxh3+ 36. Kg1 Qxg3+ 37. Kh1 Rd2 38. Rc8+ Kh7 0-1

[Event "SR 3. liga A2 2018/2019"]
[Site "?"]
[Date "2019.01.13"]
[Round "6.2"]
[White "Klanica, Anton"]
[Black "Husek, Lubomir"]
[Result "1-0"]
[WhiteElo "1776"]
[BlackElo "1875"]
[PlyCount "103"]
[EventDate "2018.??.??"]

1. e4 e5 2. Nf3 Nc6 3. Bb5 a6 4. Bxc6 dxc6 5. d4 Bg4 6. dxe5 Qxd1+ 7. Kxd1
O-O-O+ 8. Ke2 Bc5 9. Bg5 f6 10. exf6 gxf6 11. Be3 Bxe3 12. Kxe3 Nh6 13. h3 Bh5
14. g4 Bf7 15. Nc3 Rd7 16. Rhd1 Re7 17. Nh4 Rhe8 18. Kf4 b5 19. f3 Re5 20. a3
Ng8 21. Ne2 h5 22. Nd4 Kb7 23. Ndf5 hxg4 24. hxg4 Kc8 25. c3 Ne7 26. Nxe7+
R8xe7 27. Nf5 Re8 28. Rh1 Bb3 29. Nd4 Bc4 30. Nxc6 R5e6 31. Nd4 Rd6 32. b4 Kb7
33. Rh5 Bf7 34. Rh7 Bc4 35. Rah1 Kb6 36. Rh8 Red8 37. Rxd8 Rxd8 38. Rh5 Rd6 39.
Ke3 a5 40. Rf5 c6 41. Rc5 axb4 42. axb4 Kb7 43. Kf4 Kc7 44. Kf5 Kd7 45. Kg6 Ba2
46. Rf5 Ke7 47. Rh5 Bf7+ 48. Kg7 Bxh5 49. Nf5+ Ke6 50. Nxd6 Bxg4 51. fxg4 Kxd6
52. Kxf6 1-0

[Event "SR 3. liga A2 2018/2019"]
[Site "?"]
[Date "2019.01.13"]
[Round "6.2"]
[White "Hrubos, Milan"]
[Black "Suchan, Jozef"]
[Result "1-0"]
[WhiteElo "1754"]
[BlackElo "1740"]
[PlyCount "71"]
[EventDate "2018.??.??"]

1. e4 e5 2. Nf3 Nc6 3. Bb5 a6 4. Ba4 Nf6 5. O-O Be7 6. Re1 b5 7. Bb3 O-O 8. c3
d6 9. h3 Na5 10. Bc2 c5 11. d4 Qc7 12. Nbd2 Re8 13. Nf1 Bf8 14. Bg5 Nd7 15. d5
c4 16. a4 Nc5 17. axb5 axb5 18. Ra3 Bb7 19. Ng3 g6 20. Qd2 Nab3 21. Bxb3 Nxb3
22. Rxb3 cxb3 23. Bf6 Bg7 24. Nh5 Bf8 25. Nh2 h6 26. Ng4 gxh5 27. Nxh6+ Kh7 28.
Nf5 Bc8 29. Qg5 Bxf5 30. Qxf5+ Kh6 31. Qg5+ Kh7 32. Qxh5+ Bh6 33. Bg5 Rh8 34.
Bxh6 f6 35. Re3 Raf8 36. Bg7+ 1-0

[Event "SR 3. liga A2 2018/2019"]
[Site "?"]
[Date "2019.01.13"]
[Round "6.3"]
[White "Takacs, Laszlo"]
[Black "Vegh, Vince"]
[Result "1-0"]
[WhiteElo "2305"]
[BlackElo "1937"]
[PlyCount "63"]
[EventDate "2018.??.??"]

1. e4 c5 2. Nf3 Nc6 3. d4 cxd4 4. Nxd4 e5 5. Nb5 a6 6. Nd6+ Bxd6 7. Qxd6 Qf6 8.
Qd1 Qg6 9. Nc3 Nf6 10. f3 d5 11. Nxd5 Nxd5 12. Qxd5 O-O 13. Qd2 Nd4 14. c3 Ne6
15. Qc2 Bd7 16. Bc4 Rac8 17. Bd5 Bb5 18. a4 Bc4 19. Bxc4 Rxc4 20. Qe2 Rfc8 21.
O-O h6 22. Rd1 b5 23. axb5 axb5 24. Be3 Nc5 25. Rd5 Qe6 26. Ra5 Qb6 27. b4 Rxc3
28. Ra1 Qe6 29. Bxc5 f5 30. Rad1 f4 31. Qxb5 Kh7 32. Qd7 1-0

[Event "SR 3. liga A2 2018/2019"]
[Site "?"]
[Date "2019.01.13"]
[Round "6.3"]
[White "Fekete, Robert"]
[Black "Blaho, Stefan"]
[Result "0-1"]
[WhiteElo "1885"]
[BlackElo "2060"]
[PlyCount "62"]
[EventDate "2018.??.??"]

1. e4 c5 2. Nf3 d6 3. d4 cxd4 4. Nxd4 Nf6 5. Nc3 g6 6. h3 Bg7 7. Be3 O-O 8. Qd2
Nc6 9. Nxc6 bxc6 10. Bc4 Nxe4 11. Nxe4 d5 12. O-O-O Qc7 13. Bd4 dxe4 14. Bxg7
Kxg7 15. Qd4+ Kg8 16. Qxe4 Rb8 17. Rd2 Bf5 18. Qe3 Rb4 19. b3 h5 20. g4 Bc8 21.
gxh5 Kg7 22. Rg1 Bf5 23. Qg5 Qe5 24. hxg6 fxg6 25. Kb1 Rxc4 26. f4 Rxf4 27. Qg2
Re4 28. Qf2 a5 29. h4 a4 30. Qg3 Qf6 31. bxa4 Rb4+ 0-1

[Event "SR 3. liga A2 2018/2019"]
[Site "?"]
[Date "2019.01.13"]
[Round "6.3"]
[White "Bugar, Peter"]
[Black "Csefalvay, Stefan"]
[Result "1-0"]
[WhiteElo "1992"]
[BlackElo "1760"]
[PlyCount "81"]
[EventDate "2018.??.??"]

1. c4 c5 2. Nc3 g6 3. g3 Bg7 4. Bg2 e6 5. Nf3 Ne7 6. O-O O-O 7. d4 d6 8. Bg5 h6
9. Bf4 cxd4 10. Nb5 e5 11. Bd2 a6 12. Na3 Nbc6 13. e3 dxe3 14. Bxe3 Nf5 15. Nc2
Be6 16. Qe2 Rc8 17. b3 Qc7 18. Rad1 Rfe8 19. g4 Nfe7 20. g5 h5 21. Nd2 Nf5 22.
Ne4 Nh4 23. Bh1 Bh3 24. Rfe1 Bf5 25. Nc3 Ne7 26. Nb4 Be6 27. Na4 Qb8 28. Nb6
Rc7 29. N6d5 Rd7 30. Bb6 Rf8 31. Rd2 Nc8 32. Red1 Nf5 33. Be4 a5 34. Bxa5 Qa7
35. Bc7 Nd4 36. Qe3 Bxd5 37. Nxd5 Qc5 38. Nf6+ Bxf6 39. gxf6 Kh7 40. Qh3 Rh8
41. Qxd7 1-0

[Event "SR 3. liga A2 2018/2019"]
[Site "?"]
[Date "2019.01.13"]
[Round "6.3"]
[White "Meszaros, Lorant"]
[Black "Rachela, Jozef"]
[Result "1/2-1/2"]
[WhiteElo "1925"]
[BlackElo "2036"]
[PlyCount "120"]
[EventDate "2018.??.??"]

1. d4 Nf6 2. c4 e6 3. g3 d5 4. Bg2 c6 5. Nf3 Nbd7 6. b3 Bb4+ 7. Bd2 Bd6 8. Nc3
O-O 9. O-O Re8 10. Qc2 e5 11. cxd5 cxd5 12. Nb5 Bb8 13. dxe5 Nxe5 14. Bg5 Qb6
15. Bxf6 Nxf3+ 16. Bxf3 Qxb5 17. Bd4 Be5 18. Rfd1 Bxd4 19. Rxd4 Be6 20. Rad1 g6
21. Qd2 Rac8 22. e3 Rc5 23. Bxd5 Bxd5 24. Rxd5 Rxd5 25. Qxd5 Qxd5 26. Rxd5 Re7
27. Kg2 Kg7 28. Kf3 Rc7 29. Ke2 Kf6 30. Kd2 Ke6 31. Rd4 h5 32. h3 Ke5 33. f4+
Ke6 34. e4 f6 35. h4 Rc6 36. a4 a6 37. Rb4 b6 38. Rd4 Rc7 39. Rd8 Rc6 40. Rg8
Kf7 41. Ra8 a5 42. Ra7+ Kf8 43. Rb7 Rd6+ 44. Ke3 Kg8 45. e5 fxe5 46. fxe5 Rc6
47. Kf4 Kf8 48. g4 hxg4 49. Kxg4 Ke8 50. Kf4 Kd8 51. Ke4 Kc8 52. Rg7 Rc3 53.
Rxg6 Rxb3 54. Kf5 Rh3 55. Rh6 Rf3+ 56. Ke4 Ra3 57. Kd5 Rxa4 58. Kc6 Rc4+ 59.
Kxb6 a4 60. e6 Kd8 1/2-1/2